[Event "ICS Rated standard match"]
[Site "204.178.125.65"]
[Date "1999.11.25"]
[Round "?"]
[White "Hossa"]
[Black "Moron"]
[Result "0-1"]
[WhiteElo "2296"]
[BlackElo "2614"]
[PlyCount "128"]
[EventDate "1999.??.??"]

1. d4 d5 2. Nf3 Nf6 3. c4 e6 4. Nc3 c6 5. e3 Nbd7 6. Bd3 dxc4 7. Bxc4 b5 8. Bd3
b4 9. Ne4 Be7 10. Bd2 c5 11. Nxf6+ Nxf6 12. Qc2 cxd4 13. Nxd4 Bd7 14. Nc6 Qc7
15. Nxe7 Qxc2 16. Bxc2 Rb8 17. Rc1 Kxe7 18. O-O a5 19. Rfd1 Rbc8 20. e4 Bb5 21.
Be3 Rc6 22. e5 Ng4 23. Bg5+ f6 24. exf6+ gxf6 25. Bf4 h5 26. f3 Rhc8 27. Bg6
Rxc1 28. Rxc1 Rxc1+ 29. Bxc1 Ne5 30. Bxh5 Nd3 31. Be3 Nxb2 32. Bb6 Nc4 33. Bc5+
Kd7 34. Bd4 e5 35. Bc5 Nd6 36. Bxd6 Kxd6 37. Bf7 a4 38. h4 b3 39. axb3 Be8 40.
Bg8 a3 41. b4 Bc6 42. Ba2 Bd5 43. Bb1 Kc6 44. g4 Kb5 45. g5 fxg5 46. hxg5 Kxb4
47. g6 Kc3 48. g7 Bg8 49. f4 exf4 50. Kg2 Kb2 51. Be4 a2 52. Kf3 a1=Q 53. Kxf4
Qc1+ 54. Kf5 Bh7+ 55. Ke6 Qc4+ 56. Bd5 Bg8+ 57. Kf5 Qxd5+ 58. Kf4 Qd4+ 59. Kg5
Kc2 60. Kf5 Kc3 61. Kg5 Kd3 62. Kh5 Bf7+ 63. Kg5 Ke3 64. g8=Q 64... Qf4# {
Hossa checkmated} 0-1

[Event "ICS rated standard match"]
[Site "204.178.125.65"]
[Date "1999.11.25"]
[Round "?"]
[White "Hossa"]
[Black "Moron"]
[Result "0-1"]
[WhiteElo "2304"]
[BlackElo "2606"]
[PlyCount "84"]
[EventDate "1999.??.??"]

1. e4 e5 2. Nf3 Nc6 3. Bb5 a6 4. Ba4 Nf6 5. Qe2 b5 6. Bb3 Be7 7. c3 O-O 8. d4
d6 9. Nbd2 exd4 10. cxd4 Bg4 11. Qe3 Na5 12. Bc2 c5 13. dxc5 dxc5 14. O-O Be6
15. Rd1 Qc7 16. e5 Ng4 17. Qe4 g6 18. Qe1 c4 19. Nf1 Nc6 20. Be4 Rad8 21. Bxc6
Rxd1 22. Qxd1 Bc5 23. Be3 Nxe3 24. Nxe3 Qxc6 25. Qd2 Bb6 26. Rd1 Rd8 27. Qe2
Rxd1+ 28. Nxd1 Bg4 29. Nc3 Bxf3 30. gxf3 Qd7 31. Kg2 Qf5 32. Qe4 Qxe4 33. fxe4
Bd4 34. a3 Bxe5 35. h3 Kg7 36. Kf3 Kf6 37. Ke3 Kg5 38. Kf3 Kh5 39. Kg2 Kh4 40.
f3 Bxc3 41. bxc3 a5 42. Kf2 42... Kxh3 {Hossa resigns} 0-1

[Event "ICS rated blitz match"]
[Site "204.178.125.65"]
[Date "1999.11.25"]
[Round "?"]
[White "Hossa"]
[Black "Skeletor"]
[Result "0-1"]
[WhiteElo "2267"]
[BlackElo "2737"]
[PlyCount "154"]
[EventDate "1999.??.??"]

1. e4 e5 2. Nf3 d6 3. Bb5+ Bd7 4. Nc3 Nf6 5. Bc4 Be7 6. d4 exd4 7. Nxd4 Nc6 8.
O-O Ne5 9. Bb3 O-O 10. Re1 c5 11. Nf5 c4 12. Ba4 Bxa4 13. Nxa4 Re8 14. Bg5 Bf8
15. Nc3 h6 16. Bxf6 Qxf6 17. Nd5 Qd8 18. Qe2 Rc8 19. Red1 Rc5 20. Nfe3 Qc8 21.
Rd2 Qe6 22. Re1 b5 23. f3 g6 24. Red1 a5 25. Nf4 Qf6 26. Ned5 Qg5 27. Qf2 Nd7
28. c3 Bg7 29. Qf1 Rc6 30. Kh1 Nf6 31. Nxf6+ Qxf6 32. Nd5 Qe5 33. Qg1 f5 34.
exf5 gxf5 35. Qf2 Re6 36. Kg1 a4 37. f4 Qe4 38. Qa7 Bf8 39. Qb8 Rc5 40. Qb7 Rg6
41. Kf1 Re6 42. a3 Bg7 43. Qb8+ Bf8 44. Kg1 Rxd5 45. Rxd5 Qe3+ 46. Kf1 Re4 47.
R5d4 Qxf4+ 48. Kg1 Qe3+ 49. Kf1 Qe2+ 50. Kg1 Rxd4 51. cxd4 Qxd1+ 52. Kf2 Qxd4+
53. Kf1 Qd1+ 54. Kf2 Qc2+ 55. Kf1 Qb1+ 56. Kf2 Qxb2+ 57. Kg3 c3 58. Qe8 c2 59.
Qe6+ Kh8 60. Qc8 Qxa3+ 61. Kh4 d5 62. Qxc2 Qb4+ 63. Kg3 Qe1+ 64. Kh3 Be7 65. g3
Qf1+ 66. Qg2 Qxg2+ 67. Kxg2 b4 68. Kf3 b3 69. Kf4 b2 70. Ke5 b1=Q 71. Ke6 Qe4+
72. Kd7 a3 73. h3 a2 74. Kc8 a1=Q 75. Kb7 d4+ 76. Kc7 Qa7+ 77. Kc8 77... Qc2# {
Hossa checkmated} 0-1

[Event "ICS rated blitz match"]
[Site "204.178.125.65"]
[Date "1999.11.25"]
[Round "?"]
[White "Skeletor"]
[Black "Hossa"]
[Result "1-0"]
[WhiteElo "2739"]
[BlackElo "2265"]
[PlyCount "145"]
[EventDate "1999.??.??"]

1. e4 e5 2. Nf3 Nc6 3. Bc4 Bc5 4. c3 Nf6 5. d4 exd4 6. cxd4 Bb4+ 7. Bd2 Bxd2+
8. Nbxd2 d5 9. exd5 Nxd5 10. Qb3 Nce7 11. O-O O-O 12. Rfe1 c6 13. a4 Qb6 14.
Qxb6 axb6 15. Ne4 Rd8 16. b3 Bf5 17. Ng3 Bg6 18. Ne5 Re8 19. Nxg6 hxg6 20. Re5
Kf8 21. Rae1 Rad8 22. R5e4 f5 23. Rh4 Kf7 24. Ne2 g5 25. Rh3 Kg6 26. Rg3 Kf6
27. Kh1 f4 28. Rd3 Nb4 29. Rd2 Nf5 30. Rb1 Rd7 31. d5 Nxd5 32. Rc1 Rde7 33. Ng1
Rd8 34. Rcd1 Red7 35. Ne2 Rd6 36. g3 f3 37. Ng1 g4 38. Re1 g5 39. h3 gxh3 40.
Nxf3 g4 41. Nh2 Rg8 42. Re4 Nh6 43. Rdd4 Rgd8 44. Nxg4+ Nxg4 45. Rxg4 c5 46.
Rde4 b5 47. axb5 Rb6 48. Kh2 Kf5 49. Bxd5 Rxb5 50. Ref4+ Ke5 51. Bc4 Ra5 52.
Rg6 Ra6 53. Rg5+ Kd6 54. Rd5+ Kc7 55. Rf7+ Kc8 56. Bxa6 bxa6 57. Rxc5+ Kb8 58.
Kxh3 Rh8+ 59. Kg4 Rg8+ 60. Rg5 Rh8 61. Rgg7 a5 62. f4 Re8 63. f5 Kc8 64. f6 Rd8
65. Ra7 Kb8 66. Rgb7+ Kc8 67. Ra8+ Kxb7 68. Rxd8 Ka7 69. f7 Kb6 70. f8=Q Kb5
71. Qd6 a4 72. Rb8+ Ka5 73. Qb6# {Hossa checkmated} 1-0

[Event "ICS rated blitz match"]
[Site "204.178.125.65"]
[Date "1999.11.25"]
[Round "?"]
[White "Hossa"]
[Black "MissSilicon"]
[Result "1/2-1/2"]
[WhiteElo "2263"]
[BlackElo "2654"]
[PlyCount "133"]
[EventDate "1999.??.??"]

1. e4 e5 2. Nf3 Nc6 3. Bb5 a6 4. Ba4 Nf6 5. O-O Nxe4 6. d4 exd4 7. Re1 d5 8.
Nxd4 Bd6 9. Nxc6 Bxh2+ 10. Kh1 Qh4 11. Rxe4+ dxe4 12. Qd8+ Qxd8 13. Nxd8+ Kxd8
14. Kxh2 Be6 15. Nc3 c5 16. Bg5+ Kc8 17. a3 c4 18. Nxe4 b5 19. Nd6+ Kc7 20.
Nxb5+ axb5 21. Bxb5 f6 22. Re1 Bf5 23. Bf4+ Kb6 24. Bxc4 Bxc2 25. Re2 Bf5 26.
Re7 g5 27. Be3+ Kc6 28. Bd4 Rhf8 29. Bc3 h6 30. Be6 Bxe6 31. Rxe6+ Kd5 32. Rxf6
Rxf6 33. Bxf6 Rf8 34. Bc3 Rxf2 35. a4 h5 36. a5 Kc4 37. Kg3 Rf4 38. Bd2 Rg4+
39. Kf3 Kd3 40. Bc3 Rf4+ 41. Kg3 Ke3 42. Be5 Ra4 43. Bc7 Kd3 44. b3 Rb4 45. Bd8
Kc2 46. Kf2 g4 47. Kg3 Kxb3 48. Kh4 Rb8 49. Bg5 Rh8 50. a6 Ra8 51. Kxh5 g3 52.
Kg4 Rxa6 53. Kxg3 Rg6 54. Kh4 Re6 55. Kh5 Re5 56. g3 Kc4 57. Kg4 Kd5 58. Bh6
Ke4 59. Bg7 Re8 60. Kh5 Kf3 61. Kh4 Re4+ 62. Kh5 Kxg3 63. Bf6 Rg4 64. Be5+ Kf3
65. Bh2 Rg8 66. Be5 Rg5+ 67. Kxg5 {
Game drawn because neither player has mating material} 1/2-1/2

[Event "ICS unrated blitz match"]
[Site "204.178.125.65"]
[Date "1999.11.25"]
[Round "?"]
[White "Hossa"]
[Black "Moron"]
[Result "1/2-1/2"]
[WhiteElo "2276"]
[BlackElo "2702"]
[PlyCount "104"]
[EventDate "1999.??.??"]

1. e4 c5 2. Nf3 d6 3. d3 g6 4. Be2 Bg7 5. c3 Nc6 6. Nbd2 f5 7. exf5 Bxf5 8. O-O
Nf6 9. d4 cxd4 10. Nxd4 Nxd4 11. cxd4 Qc7 12. Qa4+ Bd7 13. Qb3 e6 14. Bf3 d5
15. Qb4 Bf8 16. Qc3 Qxc3 17. bxc3 Rc8 18. Nb1 Kf7 19. Re1 Bg7 20. Bf4 b6 21.
Be5 Rhd8 22. Be2 Ne4 23. Ba6 Rc6 24. Bxg7 Kxg7 25. Bb5 Rc7 26. Bxd7 Rdxd7 27.
Re3 Kf6 28. Rf3+ Kg5 29. Re3 Rf7 30. f3 Kf4 31. Rd3 Nd6 32. Na3 Nc4 33. Nxc4
Rxc4 34. Re1 Kf5 35. Re5+ Kf6 36. Rde3 Re7 37. h4 b5 38. Rd3 Rec7 39. Rde3 R7c6
40. g4 Ra6 41. f4 b4 42. cxb4 Rxd4 43. b5 Rd1+ 44. Kf2 Rxa2+ 45. Kg3 Rg1+ 46.
Kh3 Rh1+ 47. Kg3 Kf7 48. Rxe6 Rg1+ 49. Kh3 Rh1+ 50. Kg3 Rg1+ 51. Kh3 Rh1+ 52.
Kg3 52... Rg1+ {Game drawn by repetition} 1/2-1/2

[Event "ICS rated blitz match"]
[Site "204.178.125.65"]
[Date "1999.11.25"]
[Round "?"]
[White "Colorado"]
[Black "Hossa"]
[Result "1-0"]
[WhiteElo "2512"]
[BlackElo "2276"]
[PlyCount "133"]
[EventDate "1999.??.??"]

1. d4 d5 2. c4 dxc4 3. Nf3 Nf6 4. e3 e6 5. Bxc4 c5 6. O-O a6 7. a4 Nc6 8. Qe2
cxd4 9. Rd1 Be7 10. exd4 O-O 11. Nc3 Nd5 12. Qe4 Nf6 13. Qc2 Nb4 14. Qe2 b6 15.
Ne5 Bb7 16. Bf4 Nfd5 17. Nxd5 Nxd5 18. Bd2 Qd6 19. Rac1 f6 20. Nd3 Rfe8 21. Re1
Bf8 22. a5 b5 23. Nc5 bxc4 24. Nxb7 Qb8 25. Nc5 Bxc5 26. dxc5 Qxb2 27. Rxc4
Rad8 28. Re4 e5 29. c6 Rd6 30. Rg4 Rb8 31. Rh4 f5 32. Rc1 Nc7 33. Qc4+ Rd5 34.
Be1 Kh8 35. Rh5 e4 36. Qc3 Qxc3 37. Bxc3 Rc8 38. Kf1 Ne6 39. g4 Rxc6 40. Rxf5
Rdc5 41. Rxc5 Rxc5 42. Bb2 Rxc1+ 43. Bxc1 Nd4 44. Be3 Nf3 45. Bf4 g5 46. Bc7
Nd2+ 47. Ke2 Nc4 48. f3 exf3+ 49. Kxf3 Kg7 50. Ke4 Na3 51. Kd5 Nc2 52. Kc6 Ne3
53. Kb7 Nxg4 54. Kxa6 Nf6 55. Kb7 Ne4 56. Kc6 g4 57. a6 Ng5 58. a7 h5 59. a8=Q
Kf7 60. Qh8 Kg6 61. Be5 Ne4 62. Kd5 Kf5 63. Qh7+ Kg5 64. Kxe4 Kh4 65. Qf5 Kh3
66. Qf1+ Kh4 67. Bf6# {Hossa checkmated} 1-0

[Event "ICS rated blitz match"]
[Site "204.178.125.65"]
[Date "1999.11.25"]
[Round "?"]
[White "Beadle"]
[Black "Hossa"]
[Result "0-1"]
[WhiteElo "2570"]
[BlackElo "2269"]
[PlyCount "132"]
[EventDate "1999.??.??"]

1. d4 d5 2. c4 e6 3. Nc3 Nf6 4. Nf3 Be7 5. Bg5 O-O 6. e3 Nbd7 7. cxd5 exd5 8.
Bd3 c5 9. Bc2 h6 10. Bf4 g5 11. Be5 Re8 12. Bxf6 Nxf6 13. Ba4 Rf8 14. h4 g4 15.
Ne5 Be6 16. Bc2 Qb6 17. Rb1 Rfe8 18. Qd2 Qa6 19. dxc5 Bxc5 20. b4 Bd6 21. f4
gxf3 22. Nxf3 Bg3+ 23. Kd1 Rac8 24. Bd3 Qb6 25. Na4 Qc6 26. b5 Qd6 27. Qb4 Qxb4
28. Rxb4 Bg4 29. Ke2 Re6 30. b6 a5 31. Rd4 Rce8 32. Rf1 Bxf3+ 33. Rxf3 Be5 34.
Kd1 Bxd4 35. exd4 Kg7 36. Rg3+ Kf8 37. Rf3 Ke7 38. Bf5 Rc6 39. Re3+ Kd6 40.
Rxe8 Nxe8 41. Bd3 Ke7 42. a3 Nf6 43. Bb5 Re6 44. Kc2 h5 45. Kb2 Kd8 46. Kc2 Kc8
47. Bd3 Re1 48. Nc5 Kb8 49. Kb3 Rg1 50. Ka4 Rxg2 51. Kxa5 Rg4 52. Nb3 Rxh4 53.
Kb4 Rf4 54. Kc5 h4 55. Nd2 Ne4+ 56. Nxe4 dxe4 57. Bxe4 Rxe4 58. Kc4 h3 59. Kd5
f5 60. a4 h2 61. Kc4 h1=Q 62. Kb4 Qb1+ 63. Kc3 Re3+ 64. Kc4 Qc2+ 65. Kb5 Rb3+
66. Ka5 66... Qc3# {Beadle checkmated} 0-1

[Event "ICS rated standard match"]
[Site "204.178.125.65"]
[Date "1999.11.25"]
[Round "?"]
[White "Hossa"]
[Black "tweedle-dee"]
[Result "0-1"]
[WhiteElo "2299"]
[BlackElo "2070"]
[PlyCount "364"]
[EventDate "1999.??.??"]

1. d4 Nf6 2. c4 e6 3. Nc3 Bb4 4. e3 O-O 5. Bd3 c5 6. a3 Bxc3+ 7. bxc3 d6 8. Ne2
Nc6 9. O-O b6 10. Qc2 Ba6 11. e4 Re8 12. Qa4 Na5 13. dxc5 dxc5 14. Rd1 Ng4 15.
Bf4 e5 16. Bg3 Qe7 17. h3 Nf6 18. Bh4 Qe6 19. f4 Nd7 20. f5 Qh6 21. Bf2 Rad8
22. Rab1 Nf6 23. Ng3 Qf4 24. Be1 Rc8 25. Ne2 Qg5 26. Bd2 Qh5 27. Ng3 Qh4 28.
Be1 Qg5 29. Nf1 Nh5 30. h4 Qh6 31. g3 Nf6 32. Bf2 Bb7 33. Re1 Bc6 34. Qc2 Ng4
35. Ne3 Nxe3 36. Bxe3 Qd6 37. Red1 Qe7 38. h5 h6 39. Qe2 Ba4 40. Rd2 Red8 41.
Rbb2 Bb3 42. Qf1 Qf6 43. Rf2 Ba4 44. Rfd2 Nb7 45. Qh3 Rd7 46. Be2 Nd6 47. Qg4
Rcd8 48. Rd3 Bc6 49. Rbd2 Kh8 50. Rd1 Qe7 51. Rd5 Bxd5 52. cxd5 Rc7 53. c4 Qf6
54. a4 Kg8 55. Bd3 Nb7 56. Qe2 Re8 57. Bc2 Rb8 58. Bd3 Rd8 59. Rb1 Rcc8 60. Qb2
Qe7 61. Rf1 f6 62. Qe2 Qd7 63. Ra1 Rb8 64. Qg4 Kh8 65. Qe2 Rdc8 66. Qc2 Kg8 67.
Qe2 a6 68. Qg4 Kf8 69. Qe2 Nd6 70. Qf2 Kg8 71. Qf3 Qc7 72. Qg4 Kh8 73. Qg6 Rf8
74. Rb1 Qa7 75. Qg4 a5 76. Qd1 Qc7 77. Qc2 Kg8 78. Qd1 Qd7 79. Qc2 Rfd8 80. Be2
Qc7 81. Bd3 Ra8 82. Rb2 Rdb8 83. Qd1 Rb7 84. Qb1 Ra6 85. Be2 Rb8 86. Bd3 Ra7
87. Qd1 Rab7 88. Qb1 Qd7 89. Qc2 Ra8 90. Be2 Qc7 91. Bf3 Rd8 92. Be2 Ra7 93.
Bf3 Raa8 94. Be2 Rf8 95. Qb1 Rfb8 96. Bd3 Rb7 97. Rb3 Rd8 98. Rb2 Rdb8 99. Qd1
Qf7 100. Rb1 Qe8 101. Ra1 Ra8 102. Rc1 Raa7 103. Rb1 Ra6 104. Rb2 Ra8 105. Bc1
Qd7 106. Be3 Qf7 107. Qg4 Qe8 108. Bxh6 Qd7 109. Ra2 Rbb8 110. Be3 Rb7 111. h6
Qd8 112. Rh2 Qe8 113. hxg7 Rxg7 114. Qh4 Kf7 115. Rb2 Qd8 116. Kf2 Rb8 117. g4
Kg8 118. Qg3 Nf7 119. Ke1 Ra8 120. Kd2 Rh7 121. Qg1 Rb8 122. Kc1 Kf8 123. Qg2
Ra8 124. Rb5 Ra7 125. Qb2 Rh1+ 126. Kc2 Rh2+ 127. Bd2 Rb7 128. Qb1 Nd6 129. Rb2
Qe8 130. Ra2 Kg8 131. Qg1 Rbh7 132. g5 Rh1 133. Qg4 Rg7 134. g6 Ra7 135. Qg3
Rh8 136. Qg1 Qd7 137. Qe1 Rh3 138. Qe2 Ra8 139. Qg4 Rh2 140. Ra1 Kg7 141. Ra3
Rah8 142. Qg1 Rh1 143. Qg2 R8h2 144. Qg4 Rh3 145. Ra2 Rh4 146. Qe2 R1h2 147.
Qe1 Rg4 148. Kb1 Kg8 149. Qe3 Rgg2 150. Kc1 Kg7 151. Qf3 Rg1+ 152. Kc2 Kh8 153.
Qe3 Rgg2 154. Kb3 Kg8 155. Kc3 Kg7 156. Qf3 Kh8 157. Qe3 Kg8 158. Qe1 Rg4 159.
Kc2 Qc8 160. Kb1 Rhh4 161. Qe2 Nxe4 162. Be1 Ng3 163. Bxg3 Rxg3 164. Rb2 Rh1+
165. Ka2 Qd7 166. Bc2 Rgh3 167. Qe4 R3h2 168. Qd3 Rf2 169. Qe4 Rc1 170. Kb3 Ra1
171. Ra2 Rxa2 172. Kxa2 Qxa4+ 173. Kb2 Qb4+ 174. Kc1 Qc3 175. Qd3 Qa1+ 176. Bb1
Qb2+ 177. Kd1 e4 178. Qc2 Qd4+ 179. Kc1 Rf1+ 180. Qd1 Rxd1+ 181. Kc2 a4 182.
Ba2 182... Qd2# {Hossa checkmated} 0-1

[Event "ICS rated blitz match"]
[Site "204.178.125.65"]
[Date "1999.11.26"]
[Round "?"]
[White "Hossa"]
[Black "Pietari"]
[Result "0-1"]
[WhiteElo "2296"]
[BlackElo "2388"]
[PlyCount "128"]
[EventDate "1999.??.??"]

1. e4 e5 2. Nf3 Nf6 3. Nxe5 Qe7 4. d4 d6 5. Nf3 Qxe4+ 6. Be2 Be7 7. O-O O-O 8.
Re1 Qc6 9. Bb5 Qxb5 10. Rxe7 Nc6 11. Re3 Be6 12. Na3 Qh5 13. c4 d5 14. Nb5 Rac8
15. c5 Rfe8 16. Qe1 a6 17. Nc3 Ng4 18. Ne2 Nxe3 19. fxe3 Bg4 20. Nf4 Qf5 21.
Qg3 Rcd8 22. Nh4 Qc8 23. Nf3 Bxf3 24. Qxf3 Qf5 25. Bd2 f6 26. Rf1 Re4 27. Qd1
Rd7 28. Qb3 Nd8 29. Nd3 Qg6 30. Nf4 Qf7 31. Ne2 Qe6 32. Ng3 Rg4 33. Ne2 Rg5 34.
Nf4 Qe4 35. Rf2 Rf5 36. Rf1 Re7 37. Rf2 Re8 38. Qa4 c6 39. Qb4 Qb1+ 40. Rf1
Qxa2 41. Qb6 Rg5 42. Bc3 Qa4 43. Qc7 Qc2 44. Ba5 Ne6 45. Qd7 Kf8 46. Bc7 Nxc7
47. h4 Rg3 48. Qxc7 Rgxe3 49. Qxb7 Qa4 50. b4 R3e7 51. Qb6 Re4 52. Qb7 Qb5 53.
Qd7 Qxb4 54. Qxc6 Qxd4+ 55. Kh2 Qe5 56. g3 Rc4 57. Nxd5 Rxh4+ 58. Kg2 Qb2+ 59.
Rf2 Rh2+ 60. Kxh2 Qxf2+ 61. Kh3 Qf5+ 62. g4 Qf3+ 63. Kh4 g5+ 64. Kh5 64... Qh1#
{Hossa checkmated} 0-1

[Event "ICS rated standard match"]
[Site "204.178.125.65"]
[Date "1999.11.26"]
[Round "?"]
[White "netpi"]
[Black "Hossa"]
[Result "1-0"]
[WhiteElo "2441"]
[BlackElo "2274"]
[PlyCount "101"]
[EventDate "1999.??.??"]

1. e4 e5 2. Nf3 Nc6 3. Bb5 a6 4. Ba4 Nf6 5. Nc3 b5 6. Bb3 Bc5 7. Nxe5 Nxe5 8.
d4 Bd6 9. dxe5 Bxe5 10. a4 bxa4 11. Nxa4 Qe7 12. f4 Qb4+ 13. Kf1 Bd4 14. e5 Ng8
15. Bd5 c6 16. c3 Qa5 17. Bxf7+ Kxf7 18. Qxd4 Ne7 19. b4 Qd5 20. Be3 Bb7 21.
Qxd5+ Nxd5 22. Bd2 Rab8 23. Kf2 Rhd8 24. c4 Nc7 25. Be3 Rg8 26. Ba7 Ra8 27. Bb6
Ne6 28. f5 Nf8 29. Nc5 Bc8 30. Ne4 Ke7 31. Rhd1 h5 32. Bc5+ Kd8 33. Ra3 Kc7 34.
Rg3 h4 35. Rg5 Nh7 36. Rh5 Rh8 37. Ng5 Nxg5 38. Bd6+ Kb7 39. Rxh8 Ne4+ 40. Ke3
Nxd6 41. Rxd6 c5 42. e6 dxe6 43. f6 gxf6 44. Rh7+ Bd7 45. Rdxd7+ Kc6 46. Rc7+
Kb6 47. Rb7+ Kc6 48. Ke4 Rc8 49. b5+ axb5 50. cxb5+ Kd6 51. Rhd7# {
Hossa checkmated} 1-0

[Event "ICS Rated standard match"]
[Site "204.178.125.65"]
[Date "1999.11.26"]
[Round "?"]
[White "Moron"]
[Black "Hossa"]
[Result "1-0"]
[WhiteElo "2611"]
[BlackElo "2265"]
[Annotator "regina"]
[PlyCount "106"]
[EventDate "1999.??.??"]

1. e4 e5 2. Bc4 Nc6 3. Nf3 Nf6 4. Ng5 d5 5. exd5 b5 6. Bf1 h6 7. Nf3 Qxd5 8.
Nc3 Qe6 9. Bxb5 Bb7 10. O-O ({RR} 10. Qe2 10... O-O-O 11. d3 g5 12. Be3 Bb4 13.
O-O Rhg8 14. Bc4 Qe7 15. Nd2 h5 16. Nb3 h4 17. Ne4 Nd4 18. Bxd4 exd4 19. a3 Bd6
20. Rfe1 Nxe4 21. dxe4 Qe5 22. g3 Rh8 23. Ba6 Rh6 24. Qg4+ Kb8 25. Bxb7 Kxb7
26. Qf5 hxg3 27. fxg3 Rdh8 28. Qxe5 Bxe5 29. Nc5+ Kb6 30. Nd7+ Kb7 31. Nxe5
Rxh2 32. Ng4 Rxc2 33. Nf2 Rxb2 34. Rab1 Rb6 35. Nd3 Rc8 36. Rbc1 Rb5 37. Rc4 c5
38. a4 Ra5 39. Rf1 Re8 40. Rxf7+ Ka8 41. e5 {
1-0 Brodsky,M-Wahls,M/Berliner Sommer 1996/EXP 54 (41)}) 10... O-O-O 11. Re1 e4
12. d3 12... Qg4 $146 ({RR} 12... Bc5 13. Be3 exf3 14. Bxc5 Qf5 15. d4 fxg2 16.
Bxc6 Bxc6 17. Qd3 Qxd3 18. cxd3 a6 19. Ne4 Nd5 20. Kxg2 f5 21. Ng3 Ne3+ 22. Kg1
Nc2 23. Nxf5 Nxa1 24. Rxa1 Rhe8 25. Rc1 Kb7 26. Ne3 Re6 27. Kf1 Bf3 28. Ke1 Rd5
29. Rc3 Rh5 30. Rb3+ 30... Kc8 {
0-1 Skogfeldt,T-Wedberg,T/Stockholm op 1992/TD 92\08 (30)}) 13. Bxc6 Bxc6 14.
Ne5 Qxd1 15. Rxd1 Be8 16. Be3 exd3 17. Rxd3 Rxd3 18. Nxd3 a5 19. Bd4 Nh7 20.
Re1 Bd7 21. Re5 Bb4 22. Nxb4 axb4 23. Nd5 Be6 24. Nxb4 Rd8 25. c3 g5 26. g3 Kd7
27. Ra5 Re8 28. Nd3 f5 29. Nc5+ Kd6 30. Nxe6 Rxe6 31. Rxf5 Re1+ 32. Kg2 Ke6 33.
Ra5 Kd6 34. Ra6+ c6 35. b4 Kd5 36. Ra5+ Ke6 37. Ra8 Kf5 38. Ra7 Nf6 39. Rf7 Re6
40. a4 h5 41. a5 Ke4 42. Rxf6 Re8 43. Rxc6 h4 44. g4 Kd3 45. Be3 Rg8 46. Rc5
Rf8 47. h3 Ke2 48. b5 Rb8 49. a6 Ra8 50. Rxg5 Re8 51. b6 Rc8 52. a7 Kd3 53. b7
53... Rxc3 {Hossa resigns} 1-0

[Event "ICS Unrated blitz match"]
[Site "204.178.125.65"]
[Date "1999.11.26"]
[Round "?"]
[White "Moron"]
[Black "Hossa"]
[Result "0-1"]
[WhiteElo "2691"]
[BlackElo "2289"]
[PlyCount "108"]
[EventDate "1999.??.??"]

1. e4 c5 2. Nf3 e6 3. d4 cxd4 4. Nxd4 Nc6 5. Nc3 a6 6. Be3 d6 7. Be2 Nf6 8. O-O
Be7 9. f4 d5 10. exd5 exd5 11. Bf3 O-O 12. Nb3 Be6 13. Re1 Rc8 14. Na4 Qc7 15.
Nb6 Rcd8 16. Na4 d4 17. Bd2 Nb4 18. Re5 Nd7 19. Re2 Nc6 20. Bxc6 Qxc6 21. f5
Qxa4 22. fxe6 fxe6 23. Rxe6 Bc5 24. Kh1 Qc4 25. Re2 Rde8 26. Rxe8 Rxe8 27. Qf3
Rf8 28. Qd1 Ba7 29. Na5 Qb5 30. a4 Qe5 31. Ra3 Rf2 32. h3 Bb8 33. Kg1 Rf6 34.
g3 d3 35. Qe1 Ba7+ 36. Kh1 Qd5+ 37. Kh2 Ne5 38. Rxd3 Nxd3 39. cxd3 Rf2+ 40.
Qxf2 Bxf2 41. Nc4 Qxd3 42. Be3 Bxe3 43. Nxe3 Qxe3 44. h4 Qf2+ 45. Kh3 Qf1+ 46.
Kh2 h5 47. b4 Qf2+ 48. Kh1 Kf7 49. b5 Ke6 50. bxa6 bxa6 51. a5 Kf5 52. g4+ Ke4
53. gxh5 Kf3 54. h6 54... Qg2# {Moron checkmated} 0-1

[Event "ICS rated blitz match"]
[Site "204.178.125.65"]
[Date "1999.11.26"]
[Round "?"]
[White "Hossa"]
[Black "JSBach"]
[Result "1-0"]
[WhiteElo "2289"]
[BlackElo "1914"]
[PlyCount "69"]
[EventDate "1999.??.??"]

1. e4 e5 2. Bc4 Qg5 3. Nf3 Qg6 4. O-O Nc6 5. Nc3 Nf6 6. Nd5 Bd6 7. d3 Ng4 8. h3
Nh6 9. Nh4 Qe6 10. Nxc7+ Bxc7 11. Bxe6 dxe6 12. Bxh6 gxh6 13. Qh5 Nd4 14. c3
Nc6 15. Qxh6 Bd7 16. Qg7 Ke7 17. Qg5+ Kf8 18. d4 Rg8 19. Qh6+ Rg7 20. Rfd1 Rd8
21. Nf3 exd4 22. cxd4 Rc8 23. d5 exd5 24. Rxd5 Bxh3 25. Rg5 Be6 26. Rxg7 Nb4
27. Rxf7+ Kxf7 28. Ng5+ Kg8 29. Qxe6+ Kg7 30. Qf7+ Kh6 31. Qf6+ Kh5 32. g4+
Kxg4 33. Qf5+ Kh5 34. Nf3+ Kh6 35. Qg5# {JSBach checkmated} 1-0

[Event "ICS Rated blitz match"]
[Site "204.178.125.65"]
[Date "1999.11.26"]
[Round "?"]
[White "Hossa"]
[Black "Rogo"]
[Result "1-0"]
[WhiteElo "2291"]
[BlackElo "2213"]
[PlyCount "53"]
[EventDate "1999.??.??"]

1. e4 c5 2. Nf3 e6 3. Nc3 a6 4. d4 cxd4 5. Nxd4 g6 6. Nf3 Bg7 7. Qd6 Ne7 8. Be2
O-O 9. O-O Nbc6 10. Bd2 b5 11. Bg5 f6 12. Bd2 Bb7 13. Rad1 Nc8 14. Qf4 d6 15.
Qg4 Qe7 16. Qh4 Nb6 17. Be3 Nc4 18. Bxc4 bxc4 19. Nd2 Nb4 20. Nxc4 Nxc2 21.
Nxd6 Nxe3 22. fxe3 Bc6 23. Rf2 Rad8 24. e5 g5 25. Qc4 Ba8 26. exf6 Rf7 27. fxe7
{Rogo resigns} 1-0

[Event "ICS Rated blitz match"]
[Site "204.178.125.65"]
[Date "1999.11.26"]
[Round "?"]
[White "Amateur"]
[Black "Hossa"]
[Result "0-1"]
[WhiteElo "2453"]
[BlackElo "2301"]
[PlyCount "108"]
[EventDate "1999.??.??"]

1. e4 c5 2. Nf3 d6 3. d4 cxd4 4. Nxd4 Nf6 5. Nc3 a6 6. Bg5 e6 7. f4 b5 8. e5
dxe5 9. fxe5 Qc7 10. Bxf6 gxf6 11. Qf3 Qxe5+ 12. Be2 Ra7 13. Rd1 Bb7 14. Qg4 b4
15. Na4 h5 16. Qh3 Nc6 17. Nb3 Ra8 18. Rd3 Rd8 19. Re3 Qg5 20. O-O Nd4 21. Nxd4
Rxd4 22. Rg3 Qa5 23. b3 Rd2 24. Bd3 Qe5 25. Qh4 f5 26. c3 bxc3 27. Nxc3 Qxc3
28. Qa4+ Qc6 29. Qxc6+ Bxc6 30. Rc1 h4 31. Re3 Bh6 32. Re2 Rxe2 33. Rxc6 Be3+
34. Kf1 Rf2+ 35. Ke1 Ke7 36. Rc7+ Kf6 37. a4 a5 38. Rc2 Rxc2 39. Bxc2 Rd8 40.
Bd1 Rd2 41. Be2 Rb2 42. h3 Rxb3 43. Bb5 Rb2 44. Bc6 e5 45. Bf3 e4 46. Be2 Rb1+
47. Bd1 Ke5 48. Ke2 Rb2+ 49. Ke1 Kd4 50. Be2 Rb1+ 51. Bd1 Kd3 52. g3 hxg3 53.
h4 g2 54. h5 54... g1=Q# {Amateur checkmated} 0-1

[Event "ICS Rated blitz match"]
[Site "204.178.125.65"]
[Date "1999.11.26"]
[Round "?"]
[White "Hossa"]
[Black "Amateur"]
[Result "1-0"]
[WhiteElo "2324"]
[BlackElo "2430"]
[PlyCount "179"]
[EventDate "1999.??.??"]

1. e4 c5 2. Nf3 d6 3. d3 Nc6 4. Be2 Bg4 5. O-O Nf6 6. Nc3 d5 7. exd5 Nxd5 8.
Re1 Nxc3 9. bxc3 e6 10. Rb1 Qc7 11. h3 Bh5 12. Ng5 Bg6 13. Bh5 Bd6 14. Be3 Na5
15. Qg4 Be5 16. Qa4+ Nc6 17. Bf3 Rc8 18. Rb3 Bh2+ 19. Kh1 h6 20. Bxc6+ bxc6 21.
Nf3 Bd6 22. Reb1 Qd8 23. Rb7 a5 24. Qc4 Bh5 25. Nd2 O-O 26. Bxc5 Bxc5 27. Qxc5
Qg5 28. Qxg5 hxg5 29. Nc4 Ra8 30. Ne5 c5 31. Nd7 Rfd8 32. Nxc5 Rac8 33. Na4 f6
34. c4 Be8 35. Nc3 Bc6 36. Ra7 Ra8 37. Rc7 Rac8 38. Rxc8 Rxc8 39. Rb6 Bd7 40.
Nb5 g4 41. hxg4 e5 42. f3 Rc6 43. Rb7 Be8 44. Kg1 a4 45. Kf2 Re6 46. Rb8 Kf7
47. Nc7 Re7 48. Nxe8 Rxe8 49. Rb4 Ra8 50. Ke3 a3 51. Rb3 g5 52. Ke4 Ra5 53. Kf5
Ra6 54. Rb7+ Ke8 55. g3 Kf8 56. Kg6 Ke8 57. Rf7 Rb6 58. Ra7 Rd6 59. Rxa3 Rb6
60. Ra7 Rd6 61. a4 Rc6 62. a5 Kd8 63. Rb7 Ra6 64. Kf5 Ke8 65. Rb5 Ke7 66. f4
gxf4 67. gxf4 exf4 68. Kxf4 Kd7 69. Kf5 Rc6 70. c3 Kc7 71. c5 Ra6 72. d4 Ra8
73. d5 Rg8 74. c4 Rg5+ 75. Kf4 Re5 76. Rb6 Re1 77. Rxf6 Rc1 78. Rf7+ Kd8 79.
Kf5 Ra1 80. Ke6 Ke8 81. Rb7 Kd8 82. c6 Kc8 83. d6 Re1+ 84. Kd5 Rd1+ 85. Kc5 Rd2
86. a6 Ra2 87. a7 Rxa7 88. Rxa7 Kb8 89. Kb6 Kc8 90. Ra8# {Amateur checkmated}
1-0

[Event "ICS Rated blitz match"]
[Site "204.178.125.65"]
[Date "1999.11.26"]
[Round "?"]
[White "Amateur"]
[Black "Hossa"]
[Result "1/2-1/2"]
[WhiteElo "2409"]
[BlackElo "2345"]
[PlyCount "82"]
[EventDate "1999.??.??"]

1. c4 e5 2. Nc3 d6 3. Nf3 Nf6 4. d4 exd4 5. Nxd4 Be7 6. e4 O-O 7. Be2 Re8 8.
Bf4 Na6 9. O-O Nc5 10. Bf3 Rb8 11. Bg3 Bf8 12. Qe2 Bd7 13. Rad1 Nfxe4 14. Bxe4
Nxe4 15. Nxe4 f5 16. f3 fxe4 17. fxe4 Qg5 18. Qf2 Qg6 19. Nb5 Bxb5 20. cxb5 c5
21. bxc6 bxc6 22. b3 Rxe4 23. Qxa7 Rbe8 24. Rde1 Rxe1 25. Bxe1 Re2 26. Bf2 d5
27. Bg3 Qe8 28. Bf2 Qe4 29. Qa6 c5 30. a4 Qe8 31. a5 Qe4 32. Qb7 Rb2 33. a6 Rb1
34. a7 Rxf1+ 35. Kxf1 Qd3+ 36. Ke1 Qc3+ 37. Ke2 Qc2+ 38. Kf1 Qd3+ 39. Ke1 Qc3+
40. Ke2 Qc2+ 41. Kf1 41... Qd3+ {Game drawn by repetition} 1/2-1/2